00990cam a2200241 a 450000100100000000500170001000800410002704000250006808200220009310000450011524501850016026000360034530000390038150400330042050500210045350000370047460000340051165100570054565100550060270000310065770000300068870000300071800000694120240302073956.0870608s1986 cu a b 000 0bspa  aDO-SdBNPbspacBNPHU a923.57293bG633Bu1 aBuznego Rodríguez, Enrique,d1853-189510aMayor general Máximo Gómez Báez :bsus campañas militares /cEnrique Buznego Rodríguez, Gustavo Pedroso Xiqués, Rolando Zulueta Zulueta ; edición Elsa Pérez Guerra. aLa Habana :bPolítica,c1986. av. :bil., mapas, retrs. ;c23 cm. aBibliografía : p. 271-277.0 av. 2. 1895-1898. aLa biblioteca posee el volumen 210aGómez, Máximo,d1836-1905 4aCubaxHistoriayGUERRA DE LOS DIEZ AÑOS, 1868-1878 4aCubaxHistoriayGUERRA DE INDEPENDENCIA, 1895-18981 aPedroso Xiqués, Gustavo.1 aZulueta Zulueta, Rolando.1 aPérez Guerra, Elsaeed.